00491 2200181 4500001002100000005001700021006001900038008004100057020002200098035002500120041000700145082001200152090001800164100001300182245005800195260004200253650001400295INLIS00000000000418720140317093935.0a ||| | 180719| ||| | id  a978-979-22-2525-9 a0010-031300000004187 aid0 a641.371 a641.371 IND m0 aIndriani00aMilkshake : Minuman susu aneka rasa favorit alaa cafe aJakartabGramedia pustaka utamac2007 0amilkshake